Vývoj nezamestnanosti v SR a v Európskej unii

Vývoj nezamestnanosti v SR. Dlhodobá nezamestnanosť, nezamestnanosť mladých ľudí. Meranie a nanalýza nezamestnanosti. Miera nezamestnanosti v SR a EÚ.

Guardado en:
Detalles Bibliográficos
Autor principal: Sobotová, Anna
Formato: Capítulo de libro
Lenguaje:eslovaco
Materias:
Etiquetas: Agregar Etiqueta
Sin Etiquetas, Sea el primero en etiquetar este registro!

MARC

LEADER 00000nla$a2200000$$$4500
001 0056789
005 20240502083139.6
041 0 |a slo 
044 |a CZ 
245 1 0 |a Vývoj nezamestnanosti v SR a v Európskej unii  |c Anna Sobotová 
520 |a Vývoj nezamestnanosti v SR. Dlhodobá nezamestnanosť, nezamestnanosť mladých ľudí. Meranie a nanalýza nezamestnanosti. Miera nezamestnanosti v SR a EÚ. 
610 2 0 |a nezamestnanosť 
610 2 0 |a meranie 
610 2 0 |a analýzy 
610 2 0 |a miera nezamestnanosti 
610 2 0 |a Slovensko 
610 2 0 |a Európska únia 
100 1 |a Sobotová, Anna